বিজয় হয়েও যা পারিনি / (Record no. 961)
[ view plain ]
| 000 -LEADER | |
|---|---|
| fixed length control field | 00684nam a22002297a 4500 |
| 001 - CONTROL NUMBER | |
| JCCL Control Number | 961 |
| 003 - CONTROL NUMBER IDENTIFIER | |
| JCCL marc code | BD-JhCC |
| 005 - DATE AND TIME OF LATEST TRANSACTION | |
| control field | 20171012083936.0 |
| 008 - FIXED-LENGTH DATA ELEMENTS--GENERAL INFORMATION | |
| fixed length control field | 171012s2012 bg |||| ||a| 00| 0 ben d |
| 020 ## - INTERNATIONAL STANDARD BOOK NUMBER | |
| International Standard Book Number | 9789848942758 |
| 035 ## - SYSTEM CONTROL NUMBER | |
| system control number | (BD-JhCC)961 |
| 040 ## - CATALOGING SOURCE | |
| Original cataloging agency | BD-JhCC |
| Modifying agency | BD-JhCC |
| 041 ## - LANGUAGE CODE | |
| Language code of Book | ben |
| 082 ## - DEWEY DECIMAL CLASSIFICATION NUMBER | |
| Classification number | 954.9205 |
| Author mark and Year | MAM 2012 |
| 100 ## - MAIN ENTRY--PERSONAL NAME | |
| Personal name | মামুন, মুনতাসির |
| 245 ## - TITLE STATEMENT | |
| Title | বিজয় হয়েও যা পারিনি / |
| Statement of responsibility, etc | মুনতাসির মামুন |
| 260 ## - PUBLICATION, DISTRIBUTION, ETC. (IMPRINT) | |
| Place of publication, distribution, etc | ঢাকা : |
| Name of publisher, distributor, etc | সময় প্রকাশনী, |
| Date of publication, distribution, etc | 2012 |
| 300 ## - PHYSICAL DESCRIPTION | |
| Pagination | 148 p. : |
| Dimensions | 22 cm. |
| 650 ## - SUBJECT ADDED ENTRY--TOPICAL TERM | |
| Topical term or geographic name as entry element | History |
| General subdivision | Revolution |
| 942 ## - ADDED ENTRY ELEMENTS (KOHA) | |
| Source of classification or shelving scheme | Dewey Decimal Classification |
| Koha item type | Books |
| Source of classification or shelving scheme | Damaged status | Not for loan | Home library | Current library | Date of accession | Cost, normal purchase price | Total Checkouts | Full call number | Barcode | Date last seen | Copy number | Koha item type | Shelving location |
|---|---|---|---|---|---|---|---|---|---|---|---|---|---|
| Dewey Decimal Classification | JCC Rouf Library | JCC Rouf Library | 10/12/2017 | 200.00 | 954.9205 MAM 2012 | 1945 | 10/12/2017 | C-1 | Books | ||||
| Dewey Decimal Classification | JCC Rouf Library | JCC Rouf Library | 10/14/2017 | 200.00 | 954.9205 MAM 2012 | 2024 | 10/14/2017 | C-2 | Books | General Stacks |